02365nam a2200373 a 4500001001200000003000800012006001900020007001500039008004100054010001700095020003800112020002700150040002100177035002100198050002300219082001500242100003200257245013800289250001200427260003600439300002400475504005300499505017700552520077900729533015201508650004201660650003301702650004601735650002101781655002901802710001701831856012601848999001701974ebr10630553CaPaEBRm u cr cn|||||||||110906s2012 njua sb 001 0 eng d z 2011037264 z9780470904381 (pbk. : alk. paper) z9781118216996 (e-book) aCaPaEBRcCaPaEBR a(OCoLC)82373743714aRC467b.G36 2012eb04a616.892231 aGambrill, Eileen D.,d1934-10aCritical thinking in clinical practiceh[electronic resource] :bimproving the quality of judgments and decisions /cEileen Gambrill. a3rd ed. aHoboken, N.J. :bWiley,cc2012. axvi, 656 p. :bill. aIncludes bibliographical references and indexes.0 apt. I. Lay of the land -- pt. II. Common sources of error -- pt. III. Decision aids -- pt. IV. Applying critical thinking skills to clinical decisions -- pt. V. The future. a"The knowledge and skills of critical thinking, evidence-based practice, problem solving, judgment, and decision making are essential to effectively serve clients in all types of clinical practices. This book teaches clinicians and students how to avoid fallacies and biases in thinking as well as the skills to make well-informed, ethical decisions. Grounded in the belief that clinical decision making is a challenging process that can be improved by honing the skills integral to evidence-based practice, this book explores common sources of error and provides psychologists, counselors, social workers, and allied health professionals practical guidance with decision aids and applications of critical thinking skills to clinical decision making"--Provided by publisher. aElectronic reproduction.bPalo Alto, Calif. :cebrary,d2011.nAvailable via World Wide Web.nAccess may be limited to ebrary affiliated libraries. 0aClinical psychologyxDecision making. 0aCounselingxDecision making. 0aPsychiatric social workxDecision making. 0aDecision making. 7aElectronic books.2local2 aebrary, Inc.40uhttp://site.ebrary.com/lib/rucke/Doc?id=10630553zAn electronic book accessible through the World Wide Web; click to view c52797d52797